000 00301nam a22001217a 4500
082 _aP-184
100 _aS. Shariq Bukhari
_947909
245 _aExtension and rehablitation of Sherpao bridge Lahore.
260 _aMCE
_c17.03.2001
526 _a0
_b0
_c0
_dP_184
650 _aProject
942 _2ddc
_cBK
999 _c550997
_d550997